三世佛与八大菩萨 The Three Buddhas and the Eight Great Bodhisattvas - Statistics

General Stats
  • This quiz has been taken 64 times
  • The average score is 8 of 12
Answer Stats
说明 佛/菩萨 % Correct
中央/现在佛 释迦牟尼佛
100%
菩萨 观世音菩萨
98%
未来佛/菩萨 弥勒菩萨/弥勒佛
91%
菩萨 文殊菩萨
89%
菩萨 普贤菩萨
89%
菩萨 地藏菩萨
83%
过去佛 燃灯佛
78%
东方佛 药师佛
65%
西方佛 阿弥陀佛
59%
菩萨 虚空藏菩萨
13%
菩萨 金刚手菩萨
9%
菩萨 除盖障菩萨
7%
No matching quizzes found
Score Distribution
Percent of People with Each Score
Percentile by Number Answered
Your Score History
You have not taken this quiz